000 00568nam a2200229Ia 4500
008 160819s9999 xx 000 0 und d
020 _a978-88-89272-81-7
050 _aCUL TX 809.M17
050 _b.B37 2007
100 _aBardi, Carla.
245 _aPenne, fusilli & co. /
245 _cCarla Bardi.
260 _aItaly :
260 _bMcRae Books,
260 _c2007
300 _a64 pages :
300 _bcolor illustrations ;
300 _c20 cm.
440 _aTreats just great recipes
500 _aIncludes index.
650 _aCooking (Pasta).
999 _c300738
_d300738